<?xml version="1.0" encoding="UTF-8"?>
<record
    xmlns:xsi="http://www.w3.org/2001/XMLSchema-instance"
    xsi:schemaLocation="http://www.loc.gov/MARC21/slim http://www.loc.gov/standards/marcxml/schema/MARC21slim.xsd"
    xmlns="http://www.loc.gov/MARC21/slim">

  <leader>05972nam a2200493 i 4500</leader>
  <controlfield tag="001">129685</controlfield>
  <controlfield tag="003">FINmELB</controlfield>
  <controlfield tag="005">20241217180212.0</controlfield>
  <controlfield tag="006">m     o  u        </controlfield>
  <controlfield tag="007">cr cn|||||||||</controlfield>
  <controlfield tag="008">211013s2010    ag a     bf   000 0 spa d</controlfield>
  <datafield tag="020" ind1=" " ind2=" ">
    <subfield code="z">9789871305605</subfield>
  </datafield>
  <datafield tag="035" ind1=" " ind2=" ">
    <subfield code="a">(OCoLC)1280139733</subfield>
  </datafield>
  <datafield tag="040" ind1=" " ind2=" ">
    <subfield code="a">FINmELB</subfield>
    <subfield code="b">spa</subfield>
    <subfield code="e">rda</subfield>
    <subfield code="c">FINmELB</subfield>
  </datafield>
  <datafield tag="050" ind1="0" ind2="0">
    <subfield code="a">Z701.3.P38</subfield>
    <subfield code="b">G674 2010</subfield>
  </datafield>
  <datafield tag="080" ind1=" " ind2=" ">
    <subfield code="a">02</subfield>
  </datafield>
  <datafield tag="082" ind1="0" ind2="4">
    <subfield code="a">025.84</subfield>
    <subfield code="2">23</subfield>
  </datafield>
  <datafield tag="100" ind1="1" ind2=" ">
    <subfield code="a">Goren, Silvio,</subfield>
    <subfield code="e">autor.</subfield>
  </datafield>
  <datafield tag="245" ind1="1" ind2="0">
    <subfield code="a">Manual para la preservaci&#xF3;n del papel :</subfield>
    <subfield code="b">nueva era de la conservaci&#xF3;n preventiva y su aplicaci&#xF3;n actualizada /</subfield>
    <subfield code="c">Silvio Goren.</subfield>
  </datafield>
  <datafield tag="250" ind1=" " ind2=" ">
    <subfield code="a">1a edici&#xF3;n.</subfield>
  </datafield>
  <datafield tag="264" ind1=" " ind2="1">
    <subfield code="a">Buenos Aires :</subfield>
    <subfield code="b">Alfagrama Ediciones,</subfield>
    <subfield code="c">2010.</subfield>
  </datafield>
  <datafield tag="300" ind1=" " ind2=" ">
    <subfield code="a">1 recurso en l&#xED;nea (181 p&#xE1;ginas) :</subfield>
    <subfield code="b">ilustraciones</subfield>
  </datafield>
  <datafield tag="336" ind1=" " ind2=" ">
    <subfield code="a">texto</subfield>
    <subfield code="b">txt</subfield>
    <subfield code="2">rdacontent/spa</subfield>
  </datafield>
  <datafield tag="337" ind1=" " ind2=" ">
    <subfield code="a">computadora</subfield>
    <subfield code="b">c</subfield>
    <subfield code="2">rdamedia/spa</subfield>
  </datafield>
  <datafield tag="338" ind1=" " ind2=" ">
    <subfield code="a">recurso en l&#xED;nea</subfield>
    <subfield code="b">cr</subfield>
    <subfield code="2">rdacarrier/spa</subfield>
  </datafield>
  <datafield tag="490" ind1="1" ind2=" ">
    <subfield code="a">Biblioteca Alfagrama. Serie Conservaci&#xF3;n</subfield>
  </datafield>
  <datafield tag="504" ind1=" " ind2=" ">
    <subfield code="a">Incluye referencias bibliogr&#xE1;ficas (p&#xE1;ginas [177]-181).</subfield>
  </datafield>
  <datafield tag="505" ind1="0" ind2=" ">
    <subfield code="a">P&#xC1;GINA LEGAL -- &#xCD;NDICE -- PR&#xD3;LOGO -- INTRODUCCI&#xD3;N -- CAP&#xCD;TULO I. EL PAPEL -- ANTECEDENTES -- LA ELABORACI&#xD3;N DEL PAPEL -- PROBLEM&#xC1;TICA INHERENTE -- PERMANENCIA Y PERDURABILIDAD -- PAPEL PERMANENTE. CARACTER&#xCD;STICAS Y NECESIDAD -- EVALUACI&#xD3;N DEL DETERIORO -- INFORMACI&#xD3;N RESPECTO DEL ORIGEN DE LA DEGRADACI&#xD3;N -- EVALUACI&#xD3;N DE LA CALIDAD -- LA ACIDEZ Y SUS CONSECUENCIAS -- CAP&#xCD;TULO II. EL PAPEL COMO SOPORTE DE LAS T&#xC9;CNICAS ART&#xCD;STICAS "CL&#xC1;SICAS'' -- PINTURA SOBRE PAPEL -- LA T&#xC9;CNICA PICT&#xD3;RICA -- CAP&#xCD;TULO III. CLIMA Y MEDIO AMBIENTE -- LA MATERIA Y SU INTERACCI&#xD3;N CON EL MEDIO AMBIENTE -- LA MATERIA Y SUS REACCIONES -- CLIMA Y MICROCLIMA. INTERRELACI&#xD3;N DE LOS FACTORES -- CAP&#xCD;TULO IV. HUMEDAD AMBIENTAL -- MEDICIONES PARA SU CONTROL -- PSICR&#xD3;METROS -- INSTRUCCIONES PARA DETERMINAR LA HUMEDAD RELATIVA -- INSTRUMENTOS QUE REQUIEREN CALIBRADO -- INSTRUMENTOS DE REGISTRO CONTINUO -- CAP&#xCD;TULO V. MEC&#xC1;NICA DEL DETERIORO Y SUS AGENTES -- FACTORES DEL DETERIORO -- PLAGAS -- LOS MICROORGANISMOS -- LOS INSECTOS -- TRATAMIENTOS RECOMENDABLES SIN RIESGOS -- TRATAMIENTOS RIESGOSOS NO RECOMENDABLES -- CAP&#xCD;TULO VI. PRESERVACI&#xD3;N Y PLANIFICACI&#xD3;N -- EL PLAN DE PRESERVACI&#xD3;N DE AMPLIO ALCANCE -- PLANIFICACI&#xD3;N Y ESTABLECIMIENTO DE PRIORIDADES -- LA NUEVA ERA DE LA CONSERVACI&#xD3;N: LA GESTI&#xD3;N DE RIESGO DE COLECCIONES -- LOS DIEZ AGENTES DE DETERIORO -- LAS ETAPAS: UNA SECUENCIA L&#xD3;GICA -- LA MENTE ABIERTA'' -- CAP&#xCD;TULO VII. DE LA PREVENCI&#xD3;N AL MANTENIMIENTO. USO Y MANEJO -- CONCEPTOS SOBRE LIMPIEZA -- RESGUARDO Y ALMACENAMIENTO DE OBRAS -- SISTEMAS DE PROTECCI&#xD3;N PARA MANEJO Y ALMACENAMIENTO DE OBRAS Y DOCUMENTOS -- VITRINAS Y PROTECCI&#xD3;N. LIBROS Y PAPELES DURANTE SU EXHIBICI&#xD3;N -- CAP&#xCD;TULO VIII. GLOBALIZACI&#xD3;N Y TECNOLOG&#xCD;A: MAYOR COMODIDAD, PARA UN PEOR ESTADO DE VIDA ... -- LA ACCI&#xD3;N PROFESIONAL -- BIBLIOGRAF&#xCD;A GENERAL.</subfield>
  </datafield>
  <datafield tag="520" ind1=" " ind2=" ">
    <subfield code="a">El papel es uno de los materiales con m&#xE1;s presencia en museos, bibliotecas y archivos, dado que gran parte de la producci&#xF3;n art&#xED;stica e hist&#xF3;rica ha sido realizada en ese soporte. Curiosamente, para mantener la integridad de estos papeles patrimoniales, los conservadores necesitan recurrir a otros papeles: desde l&#xE1;minas muy delgadas para reparaciones casi imperceptibles en libros, documentos y obras de arte, a s&#xF3;lidos cartones para la confecci&#xF3;n de sus encuademaciones, cajas y enmarcados. El mercado especializado ofrece variedades adecuadas para cada necesidad, pero para su selecci&#xF3;n es imprescindible conocer las propiedades que los diferencian, y tambi&#xE9;n las caracter&#xED;sticas de los papeles a los que se aplicar&#xE1;n. El acceso a estos conocimientos no es sencillo en espa&#xF1;ol, porque la bibliograf&#xED;a escrita en este idioma es escasa y no actualizada y los textos traducidos hacen referencia a condiciones y recursos diferentes de los que se manejan en nuestro contexto. Este libro de Silvio Goren constituye una contribuci&#xF3;n significativa, porque condensa la informaci&#xF3;n necesaria para comprender la problem&#xE1;tica de la conservaci&#xF3;n del papel y orienta hacia un mejor manejo de las colecciones, aportando soluciones para su limpieza, almacenamiento y exhibici&#xF3;n. Es un completo manual que abarca un amplio abanico de temas: materia prima y formas de producci&#xF3;n; tests de laboratorio para identificaci&#xF3;n de caracter&#xED;sticas y evaluaci&#xF3;n de estado; mec&#xE1;nica del deterioro y sus causas; tratamientos posibles y recomendables; gesti&#xF3;n de riesgos en el marco de un plan de conservaci&#xF3;n; e incluye adem&#xE1;s un cap&#xED;tulo -pr&#xE1;cticamente in&#xE9;dito en este tipo de publicaciones referido al papel como soporte de las t&#xE9;cnicas art&#xED;sticas cl&#xE1;sicas. El autor es un experimentado conservador argentino, que conoce las necesidades y las posibilidades de nuestro medio. En esta obra ha logrado un interesante equilibrio entre el aporte de datos y las reflexiones personales, desarrollando cada tema desde lo b&#xE1;sico y en lenguaje coloquial, para posibilitar tambi&#xE9;n la comprensi&#xF3;n a quienes no son conservadores.</subfield>
  </datafield>
  <datafield tag="588" ind1=" " ind2=" ">
    <subfield code="a">Descripci&#xF3;n basada en metadatos suministrados por el editor y otras fuentes.</subfield>
  </datafield>
  <datafield tag="590" ind1=" " ind2=" ">
    <subfield code="a">Recurso electr&#xF3;nico. Santa Fe, Arg.: elibro, 2021. Disponible v&#xED;a World Wide Web. El acceso puede estar limitado para las bibliotecas afiliadas a elibro.</subfield>
  </datafield>
  <datafield tag="650" ind1=" " ind2="0">
    <subfield code="a">Paper</subfield>
    <subfield code="x">Preservation</subfield>
    <subfield code="v">Handbooks, manuals, etc.</subfield>
  </datafield>
  <datafield tag="650" ind1=" " ind2="4">
    <subfield code="a">Preservaci&#xF3;n del Papel.</subfield>
  </datafield>
  <datafield tag="650" ind1=" " ind2="4">
    <subfield code="a">Conservaci&#xF3;n de documentos.</subfield>
  </datafield>
  <datafield tag="650" ind1=" " ind2="0">
    <subfield code="a">Paper</subfield>
    <subfield code="x">Deterioration</subfield>
    <subfield code="v">Handbooks, manuals, etc.</subfield>
  </datafield>
  <datafield tag="650" ind1=" " ind2="0">
    <subfield code="a">Library materials</subfield>
    <subfield code="x">Conservation and restoration</subfield>
    <subfield code="v">Handbooks, manuals, etc.</subfield>
  </datafield>
  <datafield tag="655" ind1=" " ind2="4">
    <subfield code="a">Libros electr&#xF3;nicos.</subfield>
  </datafield>
  <datafield tag="797" ind1="2" ind2=" ">
    <subfield code="a">elibro, Corp.</subfield>
  </datafield>
  <datafield tag="830" ind1=" " ind2="0">
    <subfield code="a">Biblioteca Alfagrama. Serie Conservaci&#xF3;n.</subfield>
  </datafield>
  <datafield tag="856" ind1="4" ind2="0">
    <subfield code="u">https://elibro.net/ereader/politecnicointernacional/188030</subfield>
  </datafield>
  <datafield tag="999" ind1=" " ind2=" ">
    <subfield code="c">129685</subfield>
    <subfield code="d">129685</subfield>
  </datafield>
</record>
